000 00707nam a22002055i 4500
001 177112
003 ES-MaACL
005 20250804063438.0
008 110303s1966 sp |||| | cat d
080 _a821.134.1-311.2"19"
100 1 _aMora Pujadas, Víctor,
_d1931-2016
_982869
245 1 3 _aLa pluja morta /
_cVíctor Mora.
260 _aMadrid ; Barcelona :
_bAlfaguara,
_cimp. 1966.
300 _a106 p. ;
_c17 cm.
490 1 _aLa novel·la popular. Contemporània, inèdita, catalana ;
_v7
546 _aTexto en catalán.
830 0 _aLa novel·la popular. Contemporània, inèdita, catalana ;
_v7
_9190353
852 _aES-MaACL
_jE-14535
_xOlim P-1333
999 _c177112
_d177112